[Event "Budapest FS08 FM-B"]
[Site "Budapest"]
[Date "2010.08.08"]
[Round "2"]
[White "Kis, Bela"]
[Black "Zsipi, Alex Mark"]
[Result "1/2-1/2"]
[WhiteElo "2087"]
[BlackElo "1964"]
[PlyCount "62"]
[EventDate "2010.08.07"]
[EventType "tourn"]
[EventRounds "11"]
[EventCountry "HUN"]
[SourceTitle "CBM 137 Extra"]
[Source "ChessBase"]
[SourceDate "2010.09.01"]
[SourceVersion "1"]
[SourceVersionDate "2010.09.01"]
[SourceQuality "1"]

1. e4 c6 2. d4 d5 3. exd5 cxd5 4. c4 Nf6 5. Nc3 Nc6 6. Be3 Bg4 7. Qb3 Na5 8. Qa4+ Bd7 9. Qc2 Nxc4 10. Bxc4 dxc4 11. Nf3 e6 12. Ne5 Rc8 13. 0-0 h6 14. a4 a6 15. b3 cxb3 16. Qxb3 Bc6 17. Rfc1 Nd5 18. Nxc6 Rxc6 19. Qxb7 Rc7 20. Qb3 Nxc3 21. Rxc3 Bd6 22. Rxc7 Bxc7 23. Qc4 a5 24. Rc1 Bd6 25. Qb5+ Ke7 26. Rc6 Qd7 27. g3 Rb8 28. Qc4 Rb1+ 29. Kg2 Rb4 30. Qc2 Qb7 31. Kh3 Rb2 1/2-1/2

[Event "HUN-ch U16"]
[Site "Budapest"]
[Date "2010.07.01"]
[Round "6"]
[White "Egyed, Gabor"]
[Black "Zsipi, Alex Mark"]
[Result "1-0"]
[WhiteElo "1935"]
[BlackElo "1954"]
[PlyCount "71"]
[EventDate "2010.06.26"]
[EventType "swiss"]
[EventRounds "9"]
[EventCountry "HUN"]
[SourceTitle "CBM 137 Extra"]
[Source "ChessBase"]
[SourceDate "2010.09.01"]
[SourceVersion "1"]
[SourceVersionDate "2010.09.01"]
[SourceQuality "1"]

1. e4 c6 2. d4 d5 3. exd5 cxd5 4. c4 Nf6 5. Nc3 Nc6 6. Nf3 Bg4 7. c5 e6 8. Qa4 Be7 9. Ne5 Qa5 10. Qxa5 Nxa5 11. Bb5+ Kf8 12. f3 Bf5 13. b4 a6 14. bxa5 axb5 15. Nxb5 Rxa5 16. a4 Bc2 17. Nc3 Ke8 18. Kd2 Bg6 19. g4 Nd7 20. Nxg6 hxg6 21. Kd3 Rh3 22. Ke2 Bf6 23. Nb5 Nxc5 24. g5 Bxd4 25. Nxd4 Rxa4 26. Rxa4 Nxa4 27. Bf4 Ke7 28. Rc1 Rh4 29. Rc7+ Ke8 30. Ke3 Nb2 31. Ne2 Nc4+ 32. Kd4 e5+ 33. Kxd5 exf4 34. Rxc4 Rxh2 35. Kd6 Kd8 36. Ra4 1-0

[Event "HUN-chT2 Erkel 0910"]
[Site "Hungary"]
[Date "2010.03.21"]
[Round "8.9"]
[White "Zsipi, Alex Mark"]
[Black "Kozma, Gabor"]
[Result "0-1"]
[WhiteElo "1905"]
[BlackElo "1906"]
[PlyCount "98"]
[EventDate "2009.11.08"]
[EventType "team-tourn"]
[EventRounds "11"]
[EventCountry "HUN"]
[SourceTitle "EXT 2011"]
[Source "ChessBase"]
[SourceDate "2010.11.26"]
[SourceVersion "1"]
[SourceVersionDate "2010.11.26"]
[SourceQuality "1"]
[WhiteTeam "Barcza"]
[BlackTeam "Godollo"]
[WhiteTeamCountry "HUN"]
[BlackTeamCountry "HUN"]

1. e4 c5 2. Nf3 Nc6 3. d4 cxd4 4. Nxd4 Nf6 5. Nc3 e5 6. Ndb5 d6 7. Bg5 a6 8. Na3 b5 9. Nd5 Be7 10. Bxf6 Bxf6 11. c3 0-0 12. Nc2 g6 13. Nxf6+ Qxf6 14. Ne3 Bb7 15. Nd5 Qd8 16. a4 f5 17. exf5 Rxf5 18. Ne3 Rf8 19. axb5 axb5 20. Rxa8 Bxa8 21. Bxb5 Ne7 22. 0-0 d5 23. Qg4 Qd6 24. Qd7 Rd8 25. Qxd6 Rxd6 26. Ra1 Bb7 27. b4 Kf8 28. f3 d4 29. cxd4 exd4 30. Nc4 Rd5 31. Ba6 Bxa6 32. Rxa6 d3 33. Nd2 Rb5 34. Rd6 Nd5 35. Kf2 Ke7 36. Ne4 Nxb4 37. Rd4 Ke6 38. Ke3 Nc2+ 39. Kxd3 Nxd4 40. Kxd4 h6 41. h4 Rb2 42. g3 Ra2 43. Ke3 Ke5 44. f4+ Kf5 45. Nd6+ Kg4 46. Nf7 Kxg3 47. Nxh6 Ra3+ 48. Ke4 Ra4+ 49. Ke5 Rxf4 0-1

[Event "HUN-chT2 Erkel 0910"]
[Site "Hungary"]
[Date "2010.02.28"]
[Round "7.10"]
[White "Zsipi, Alex Mark"]
[Black "Hidvegi, Attila"]
[Result "1/2-1/2"]
[WhiteElo "1905"]
[BlackElo "2080"]
[PlyCount "54"]
[EventDate "2009.11.08"]
[EventType "team-tourn"]
[EventRounds "11"]
[EventCountry "HUN"]
[SourceTitle "EXT 2011"]
[Source "ChessBase"]
[SourceDate "2010.11.26"]
[SourceVersion "1"]
[SourceVersionDate "2010.11.26"]
[SourceQuality "1"]
[WhiteTeam "Barcza"]
[BlackTeam "Pestszentlorinc"]
[WhiteTeamCountry "HUN"]
[BlackTeamCountry "HUN"]

1. e4 c5 2. Nf3 a6 3. c3 d5 4. exd5 Qxd5 5. d4 e6 6. Be3 cxd4 7. cxd4 Nc6 8. Nc3 Qa5 9. a3 Nf6 10. Bc4 Be7 11. 0-0 0-0 12. h3 b5 13. Bd3 Bb7 14. Ne4 Nxe4 15. Bxe4 Nd8 16. Bxb7 Nxb7 17. Rc1 Rac8 18. Qd2 Qxd2 19. Nxd2 Nd6 20. Rc5 Nf5 21. Rxc8 Rxc8 22. Ne4 Nxe3 23. fxe3 Rc2 24. Rf2 Rc1+ 25. Rf1 Rc2 26. Rf2 Rc1+ 27. Rf1 Rc2 1/2-1/2